000 00204 a2200085 4500
020 _a9789386867391
100 _a Norman Vincent Peale
245 _aThe Art of Living
260 _b Jaico Publishing House
_c2017
999 _c13651
_d13651